LEADER 00959nam a2200217 i 4500 001 000000243554 003 CaOOAMICUS 005 20150709000000.0 008 150709s1838 it u000 u ita u 013 $a222459 040 $aSeMil$bita 100 1 $aPeruzzi, Agostino.$0(OLS)http://semarc/name/40959 245 10$aSulle orazioni quaresimali del professore Ab. Giuseppe Barbieri :$bdiscorsi /$cdel canonico Agostino Peruzzi. 250 $a2. ed., corr. dall'autore ed arricchita di nuove aggiunte. 260 $aFerrara :$bTipi Negri,$c1838. 300 $a470 p. ;$c21 cm. 650 4$aQuaresima - Meditazioni.$0(OLS)http://semarc/subject/2055 850 $aSeMil 852 $aSeMil$W1$xVenegono$y1$m3F III 194 FA$j193900$B193900$CSeMilBibl$Z2$F204596 $8I 996 $6245$aSulle orazioni quaresimali del professore Ab. Giuseppe Barbieri :$bdiscorsi$9(OLS)http://semarc/title/345393 996 $6260$aFerrara :$bTipi Negri$9(OLS)http://semarc/publisher/54807 LEADER 01331nam a2200205 i 4500 001 000000219726 003 CaOOAMICUS 005 20230927144329.0 008 130405s1751 it u000 u lat u 026 $atem- nt97 ute- &scr (3) 1751 (R) 040 $aSeMil$bita 100 1 $aMonacelli, Francesco.$0(OLS)http://semarc/name/6423 245 10$aPars secunda, in qua praeter supplementum formularum fori extrajudicialis, accesserunt quamplures formulae fori contentiosi, necnon nonnullae litterae pastorales .. 300 $a[56], 522, [10] p. 500 $aSegn.: a4 b-d8 A-2I8 2K10 773 0 $aMonacelli, Francesco$tFrancisci Monacelli Eugubini j.u.d. protonotarii apostolici ... Formularium legale practicum fori ecclesiastici, in quo formulae expeditionum usufrequentium de his, quae pertinent ad officium iudicis nobile, continentur. ... cum appendice plurium constitutionum apostolicarum, ... in fine operis adjectis.$dVenetiis : Ex Typographia Balleoniana, 1751.$g2$w()27993 850 $aSeMil 852 $aSeMil$W1$xVenegono$y1$m2H III 49 FA$j170087$B170087$CSeMilBibl$Z2$F180837 $8I 996 $6245$aPars secunda, in qua praeter supplementum formularum fori extrajudicialis, accesserunt quamplures formulae fori contentiosi, necnon nonnullae litterae pastorales ..$9(OLS)http://semarc/title/315194